[Event "XXXII Belgrade Trophy 2018"]
[Site "Belgrade"]
[Date "2018.11.26"]
[Round "3"]
[White "Zivkovic, Marko"]
[Black "Yerden, Huseyin Eren"]
[Result "1-0"]
[WhiteElo "2302"]
[BlackElo "2052"]
[Annotator "TA"]
[PlyCount "45"]
[EventDate "2018.11.24"]
[EventType "swiss"]
[EventCountry "SRB"]
[SourceTitle "playchess.com"]
[Source "ChessBase"]
[SourceQuality "1"]

{[%evp 15,45,-6,-6,-9,0,-7,0,-30,-13,-20,369,-107,360,-92,387,-121,412,-32,511,-27,424,-16,395,-85,426,-551,210,-147,-100,-899,130,-1008]} 1. d4 Nf6 2. Bf4 g6 3. Nf3 Bg7 4. Nbd2 d5 5. h3 O-O 6. e3 c5 7. c3 b6 8. Ne5 {D02: 1 d4 d5 2 Nf3 sidelines, including 2...Nf6 3 g3 and 2...Nf6 3 Bf4} (8. a4 Nc6 9. Bd3 Nd7 10. Bh2 Bb7 11. O-O e5 12. e4 exd4 13. exd5 Nce5 14. Nxe5 Nxe5 15. Bxe5 Bxe5 {½-½ (41) Nakamura,H (2779)-Yu,Y (2729) Doha 2016}) 8... Bb7 {LiveBook: 3 Games} 9. Bd3 Nfd7 10. Ndf3 {The position is equal.} Nc6 11. Ng4 $146 ({Predecessor:} 11. Nxc6 Bxc6 12. Qe2 Re8 13. Bb5 Bxb5 14. Qxb5 e5 15. dxe5 Nxe5 16. Nxe5 Bxe5 17. Bxe5 Rxe5 {½-½ (23) Goczan,L (2230)-Fogarasi,T (2410) Hungary 1991}) 11... f6 12. O-O Nde5 $2 {[%mdl 8192]} (12... e5 $11 {and Black stays safe.} 13. dxe5 Ncxe5) 13. Bc2 $2 {[#]} (13. Bxe5 fxe5 14. Nfxe5 (14. Ngxe5 Qd6 $14) 14... c4 $14) (13. dxe5 $18 f5 14. Nh6+ Kh8 15. b4) 13... Qd7 $2 {[%mdl 8192]} (13... Nxf3+ $1 $17 14. Qxf3 e5) 14. Re1 $2 (14. Nfxe5 fxe5 15. Nxe5 Nxe5 $16) ({White must play} 14. dxe5 $18 {Threatens to win with e4.} Ba6 15. Re1) 14... Rad8 $2 {[%mdl 8192]} (14... Nxf3+ $17 15. Qxf3 e5) 15. Qe2 $2 {[#]} (15. Ngxe5 fxe5 16. Nxe5 (16. dxe5 e6 $14) 16... Nxe5 $14) (15. dxe5 $18 {And now e4 would win.} Kh8 16. exf6 exf6 17. Qe2) 15... Rfe8 $2 {[%mdl 8192]} (15... Nxf3+ $1 $17 {stays on course.} 16. Qxf3 e5) 16. Rad1 $2 (16. Bxe5 fxe5 17. Nfxe5 (17. Ngxe5 Nxe5 18. Nxe5 Bxe5 $16) 17... Nxe5 $16) (16. dxe5 $18 Qc8 17. e4) 16... b5 $2 {[%mdl 8192]} (16... Nxg4 $15 17. hxg4 Qxg4) 17. Kh2 $2 (17. Bxe5 fxe5 18. dxc5 (18. Nfxe5 Nxe5 19. Nxe5 Bxe5 $16) 18... Qc8 $18) (17. dxe5 $18 a6 18. a4) 17... Bc8 $2 {[%mdl 8192]} (17... Nxg4+ $11 {and Black is okay.} 18. hxg4 e5 19. dxe5 fxe5) 18. Bb1 $2 (18. Ngxe5 fxe5 19. Nxe5 (19. dxe5 a6 $16) 19... Nxe5 $16) ({White has to play} 18. dxe5 $18 Qb7 19. e4 dxe4 20. Bxe4 (20. Qxe4 f5 $16)) 18... Rf8 $2 {[%mdl 8192]} (18... Nxg4+ $11 19. hxg4 e5 20. dxe5 fxe5) 19. Rh1 $2 (19. Ngxe5 fxe5 20. Nxe5 (20. dxe5 e6 $16) 20... Nxe5 $16) (19. Bxe5 fxe5 20. Nfxe5 (20. Ngxe5 Qd6 $14) 20... Nxe5 $14) (19. dxe5 $18 Nxe5 20. Ngxe5 fxe5 21. Nxe5) 19... Rf7 $2 {[%mdl 8192]} (19... Nxf3+ $17 {and life is bright.} 20. gxf3 h5) 20. Be4 $4 {[%mdl 8192]} (20. Ngxe5 fxe5 21. Nxe5 (21. dxe5 Rff8 $16) 21... Nxe5 $16) (20. dxe5 $18 {is the narrow road to win. Hoping for a4.} Qb7 21. e4) 20... f5 $4 {[%mdl 8192]} (20... Nxg4+ $19 {and life is good for Black.} 21. hxg4 dxe4) 21. Bxe5 $2 ({Don't play} 21. dxe5 $6 fxe4 22. e6 Qxe6 $16) (21. Ngxe5 $18 Nxe5 22. Bxd5 (22. Nxe5 Bxe5 23. Bxd5 Bxf4+ 24. exf4 e6 $16) (22. dxc5 Ng4+ 23. hxg4 fxe4 $14) 22... Nxf3+ 23. Qxf3 (23. Bxf3 c4 $16)) 21... fxe4 22. Bc7 $2 {[%mdl 8192]} (22. Ne1 $17) 22... Qe6 $2 (22... exf3 $19 23. gxf3 Qxc7+ 24. Kg1 cxd4 25. cxd4 h5) 23. Bd6 $2 {[%mdl 40960] Accuracy: White =  2%, Black =  5%. . Loss on time!?} (23. Ng5 $16 Qd7 24. Bxd8 (24. Nxf7 Qxc7+ 25. Nge5 Rf8 $11)) 1-0

[Event "XXXII Belgrade Trophy 2018"]
[Site "Belgrade"]
[Date "2018.11.26"]
[Round "3"]
[White "Skare, Goran"]
[Black "Antic, Dejan"]
[Result "0-1"]
[WhiteElo "2244"]
[BlackElo "2462"]
[Annotator "TA"]
[PlyCount "40"]
[EventDate "2018.11.24"]
[EventType "swiss"]
[EventCountry "SRB"]
[SourceTitle "playchess.com"]
[Source "ChessBase"]
[SourceQuality "1"]

{[%evp 13,40,5,14,-26,-16,-26,-29,-37,-19,-44,-28,-42,-32,-68,-48,-124,-55,-674,-499,-796,-579,-861,-841,-831,-463,-990,-370,-1135,-183]} 1. d4 e6 2. Nf3 c5 3. e3 Nf6 4. c4 cxd4 5. exd4 d5 6. Nc3 Bb4 7. Qb3 Nc6 {LiveBook: 29 Games} 8. Be3 {B14: Caro-Kann: Panov-Botvinnik Attack with 5...e6 and 5...g6} (8. c5 Ne4 9. Bf4 O-O 10. Be2 g5 11. Be3 f5 12. a3 Bxc3+ 13. bxc3 f4 14. Bc1 b6 15. cxb6 axb6 {0-1 (55) Keymer,V (2352)-Froewis,G (2452) Bad Ragaz 2016}) 8... O-O 9. Be2 b6 $146 ({Predecessor:} 9... dxc4 10. Qxc4 Nd5 11. O-O Nxe3 12. fxe3 Be7 13. Rac1 Nb4 14. Ne5 Nd5 15. Qd3 Bg5 {½-½ (35) Plotkin,V (2249)-Davies,L (2174) Victoria 2012}) 10. cxd5 {Black has an edge.} Nxd5 11. O-O {Threatening Nxd5.} Na5 12. Qc2 Bb7 13. Bd3 h6 14. Qe2 (14. Nxd5 $15 Qxd5 15. Rfc1) 14... Rc8 (14... Bxc3 $17 15. bxc3 Nxc3) 15. b3 $2 {[%mdl 8192] [#]} (15. Nxd5 $15 Qxd5 16. Bf4) 15... Bxc3 16. Bc4 (16. Rac1 $142) 16... Nb4 17. a3 Nxc4 18. bxc4 Ba6 19. h4 (19. axb4 $142 Bxc4 20. Qc2) 19... Rxc4 $2 {[#]} (19... Bxc4 20. Qd1 Bxa1 21. axb4 Bc3) 20. h5 $2 (20. axb4 Bxa1 21. Qa2) 20... Bb2 $2 {Precision: White = 10%, Black = 43%.} (20... Rxd4 21. Qxa6 Nxa6 22. Bxd4 Bxd4) 0-1

[Event "XXXII Belgrade Trophy 2018"]
[Site "Belgrade"]
[Date "2018.11.26"]
[Round "3"]
[White "Kisic, Bozidar"]
[Black "Petrov, Marian"]
[Result "0-1"]
[WhiteElo "2236"]
[BlackElo "2488"]
[Annotator "TA"]
[PlyCount "43"]
[EventDate "2018.11.24"]
[EventType "swiss"]
[EventCountry "SRB"]
[SourceTitle "playchess.com"]
[Source "ChessBase"]
[SourceQuality "1"]

{[%evp 21,43,30,24,16,25,29,71,71,71,70,72,55,60,52,57,0,64,-451,-450,-2222,-2207,-3010,-2658,-2735]} 1. d4 c5 2. d5 g6 3. e4 Bg7 4. c4 d6 5. Nc3 e6 6. h3 Nf6 7. Bd3 O-O 8. Nf3 Na6 9. Bg5 h6 10. Be3 exd5 {E90: King's Indian: Classical: Early deviations and 6 h3} 11. exd5 Nb4 {LiveBook: 3 Games} 12. Be2 $146 ({Predecessor:} 12. Bb1 b5 13. a3 Qa5 14. O-O bxc4 15. Qd2 Nd3 16. Bxh6 Rb8 17. Bxg7 Kxg7 18. Bxd3 cxd3 {0-1 (124) Georgiev,K (2671)-Ivanisevic,I (2664) Subotica 2008}) 12... Bf5 {The position is equal.} 13. Rc1 $1 g5 14. a3 Na6 15. Bd3 Qd7 16. Qc2 Bxd3 17. Qxd3 Rfe8 18. Qb1 ({White should try} 18. O-O $14) 18... g4 ({Black should play} 18... Nc7 $11) 19. Ne5 $2 {[%mdl 8192] [#]} (19. Nh4 $14 {keeps the upper hand.}) 19... Rxe5 $19 {Black is clearly winning.} 20. Qf5 (20. Kf1 $142) 20... Qxf5 21. Ne4 Nc7 22. Nxf6+ 0-1

[Event "XXXII Belgrade Trophy 2018"]
[Site "Belgrade"]
[Date "2018.11.26"]
[Round "3"]
[White "Dimitrijeski, Boris"]
[Black "Sanal, Vahap"]
[Result "0-1"]
[WhiteElo "2232"]
[BlackElo "2485"]
[Annotator "TA"]
[PlyCount "60"]
[EventDate "2018.11.24"]
[EventType "swiss"]
[EventCountry "SRB"]
[SourceTitle "playchess.com"]
[Source "ChessBase"]
[SourceQuality "1"]

{[%evp 29,60,-29,-35,-38,-33,-30,-23,-33,-48,-32,-43,-127,-98,-100,-92,-91,-85,-102,-105,-104,-90,-101,-78,-106,-102,-152,-158,-143,-139,-127,-110,-602,599]} 1. d4 Nf6 2. c4 e6 3. g3 d5 4. Nf3 Be7 5. Bg2 O-O 6. O-O c6 7. Qc2 b6 8. Nbd2 Bb7 9. e4 Na6 10. e5 Nd7 11. cxd5 {E06: Closed Catalan: Early deviations} (11. a3 c5 12. dxc5 Naxc5 13. b4 Ne4 14. Bb2 Nxd2 15. Nxd2 Qc7 16. Rfc1 Rac8 17. Qa4 Bc6 18. Qb3 d4 19. Bxc6 Qxc6 20. Bxd4 {1-0 (53) Gledura,B (2621)-Lenderman,A (2626) Saint Louis 2018}) 11... Nb4 12. Qb3 Nxd5 13. Ne4 c5 14. dxc5 Nxc5 15. Nxc5 Bxc5 {LiveBook: 4 Games} 16. Ng5 $146 ({Predecessor:} 16. Bg5 Be7 17. Bxe7 Qxe7 18. Nd2 Qc7 {½-½ (28) Gormally,D (2477)-Lou,Y (2462) Hastings 2017}) 16... Be7 17. Nf3 Nb4 18. Bd2 Bd5 19. Qa4 a5 {aiming for ...Bxf3.} 20. Bc3 (20. a3 $15 Nd3 21. Qb5) 20... Qb8 21. a3 b5 $36 {[%mdl 2048] Black is in control.} 22. Qd1 Nc6 23. Re1 Qb7 24. Qe2 Rfd8 25. Bd2 Rac8 26. Rac1 h6 {[%cal Bh7h6,Bh6h5][%mdl 32]} 27. Bf4 g5 {[%cal Bg7g5,Bg5g4][%mdl 32]} 28. Be3 {[#]} g4 $1 {[%cal Rg4f3]} 29. Nh4 {[#]} h5 $1 {White must now prevent ...Bxh4.} ({Much weaker is} 29... Nxe5 $6 30. Bd4 $11) 30. Qc2 $2 {[%mdl 8192]} (30. f4 $17) 30... Bg5 $4 {[%mdl 40960] Accuracy: White = 38%, Black = 78%. . Loss on time!?} (30... Bxg2 $19 {and life is good for Black.} 31. Nxg2 Nxe5 {[%mdl 64] Discovered Attack (Double check)}) 0-1

[Event "XXXII Belgrade Trophy 2018"]
[Site "Belgrade"]
[Date "2018.11.26"]
[Round "3"]
[White "Tsaknakis, Zisis"]
[Black "Radovanovic, Mihajlo"]
[Result "0-1"]
[WhiteElo "2229"]
[BlackElo "2466"]
[Annotator "TA"]
[PlyCount "48"]
[EventDate "2018.11.24"]
[EventType "swiss"]
[EventCountry "SRB"]
[SourceTitle "playchess.com"]
[Source "ChessBase"]
[SourceQuality "1"]

{[%evp 9,48,27,19,14,19,3,27,24,9,12,12,12,30,34,46,11,21,0,0,0,18,22,53,0,25,-7,0,0,0,-841,-62,-473,-144,-122,-141,-766,-156,-851,-62,-842,-30]} 1. d4 Nf6 2. Nf3 g6 3. c4 Bg7 4. e3 O-O 5. Be2 c5 (5... d6 6. Nc3 Bf5 7. Qb3 b6 8. d5 a5 9. Nd4 Bd7 10. O-O Na6 11. Qd1 Nc5 12. Bf3 Rc8 13. a3 e5 14. dxe6 Nxe6 {0-1 (56) Topalov,V (2747)-Ding,L (2797) Wenzhou 2018}) 6. d5 {E60: King's Indian: Unusual lines and Fianchetto Variation without Nc3} e6 7. O-O exd5 8. cxd5 {White has an edge.} d6 9. Nc3 a6 10. a4 Re8 11. Nd2 Nbd7 12. Nc4 Ne5 13. Nxe5 $146 ({Predecessor:} 13. Na3 Qc7 14. f4 Neg4 15. Nc4 h5 {½-½ (31) Matsuura,E (2462)-Umetsubo,C (2408) Sao Sebastiao do Paraiso 2017}) 13... Rxe5 14. f3 Ne8 15. e4 Rh5 16. g4 (16. Qe1 $1 $14) 16... Rh3 {[#] White must now prevent ...Qh4.} 17. Kg2 Qh4 18. Bf4 {Threatens to win with Qe1.} Be5 $1 $36 {[%mdl 2048] Black is more active.} 19. Rh1 $2 {[%mdl 8192]} (19. Bxe5 $11 dxe5 20. Rh1) 19... h5 $2 (19... Bxf4 $19 20. Qg1 h5) 20. Qe1 $2 {[%mdl 8192] [#]} (20. Bxe5 $15 dxe5 21. Qe1) 20... hxg4 $2 (20... Bxf4 $19 {is more deadly.} 21. Qxh4 Rxh4) 21. Qxh4 $17 Rxh4 22. Rhd1 $2 {[%mdl 8192]} (22. Bg3 $17 gxf3+ 23. Bxf3 Bh3+ 24. Kf2 Bd4+ 25. Ke1) 22... Kg7 $2 (22... Bxf4 $19 {has better winning chances.} 23. fxg4 Bxg4 24. Bxg4 Rxg4+ 25. Kh3 Rg5) 23. Kg1 $2 (23. Bg3 $17 gxf3+ 24. Bxf3) 23... Rh8 $2 (23... Bxf4 $19 24. fxg4 Bxg4 25. Bxg4 Rxg4+ 26. Kf2 Bxh2) 24. a5 $2 {[%mdl 8192]} (24. Bxe5+ $15 dxe5 25. fxg4) 24... Kf6 $2 {Accuracy: White = 25%, Black = 15%.} ({Better is} 24... Bxf4 $19 25. fxg4 Nf6) 0-1

[Event "XXXII Belgrade Trophy 2018"]
[Site "Belgrade"]
[Date "2018.11.26"]
[Round "3"]
[White "Uysal, Burak"]
[Black "Ozen, Deniz"]
[Result "1/2-1/2"]
[WhiteElo "2215"]
[BlackElo "2411"]
[Annotator "TA"]
[PlyCount "53"]
[EventDate "2018.11.24"]
[EventType "swiss"]
[EventCountry "SRB"]
[SourceTitle "playchess.com"]
[Source "ChessBase"]
[SourceQuality "1"]

{[%evp 18,53,12,11,84,85,116,40,62,33,126,131,139,133,145,139,195,168,226,225,223,194,198,195,203,194,206,208,185,202,191,135,306,93,506,12,1326,26]} 1. e4 e6 2. d4 d5 3. exd5 exd5 4. Bd3 c5 5. Nf3 Nf6 6. O-O {C01: French: Exchange Variation} c4 7. Be2 (7. Re1+ Be7 8. Be2 O-O 9. b3 cxb3 10. axb3 Nc6 11. c3 Re8 12. Nbd2 Bd6 13. Bd3 Bg4 14. Rxe8+ Qxe8 {0-1 (52) Fontaine,R (2563)-Carlsen,M (2834) chess.com INT 2018}) 7... Bd6 8. b3 cxb3 9. axb3 {[%cal Ba2b3,Bb3c4][%mdl 32]} O-O 10. c4 {LiveBook: 7 Games} dxc4 (10... Nc6 $11) 11. bxc4 $16 Re8 $146 ({Predecessor:} 11... b6 12. Nc3 a6 13. Nb5 {½-½ (63) Cech,D (2114)-Matras,O (2264) Tatranska Lomnica 2017}) 12. Bg5 ({Better is} 12. c5 $16 Bc7 13. Nc3) 12... h6 $14 13. Bh4 b6 {[#]} (13... Nc6 $14) 14. Ne5 $1 $16 {[%mdl 512]} Bxe5 15. dxe5 Qxd1 16. Rxd1 {Strongly threatening Nc3.} Bb7 (16... Ne4 $16) 17. Nc3 Nfd7 (17... Ne4 {might work better.} 18. Nxe4 Bxe4) 18. f4 $18 a6 19. Rd6 g5 20. fxg5 hxg5 21. Bxg5 Rxe5 22. Bf4 Re6 23. Rad1 Nf8 24. Bg4 (24. R6d2 $18) 24... Nc6 $2 (24... Rxd6 $16 25. Rxd6 Nc6) 25. Bf3 $2 (25. Bxe6 $18 {is the precise move to win.} Nxe6 26. Bc1) 25... Rd8 $2 {[%mdl 8192]} (25... Na5 $16) 26. Bxc6 $2 ({Only move:} 26. Rxd8 $18 Nxd8 27. Rxd8 Bxf3 28. gxf3) 26... Ng6 $2 {[%mdl 8192]} (26... Rdxd6 $11 27. Rxd6 Bxc6) 27. g4 $2 {Accuracy: White = 25%, Black = 24%.} (27. Rxd8+ $18 Kg7 28. Bxb7 Nxf4 29. Nd5) 1/2-1/2

[Event "XXXII Belgrade Trophy 2018"]
[Site "Belgrade"]
[Date "2018.11.26"]
[Round "3"]
[White "Veleski, Robert"]
[Black "Todorovic, Goran M"]
[Result "0-1"]
[WhiteElo "2211"]
[BlackElo "2435"]
[Annotator "TA"]
[PlyCount "55"]
[EventDate "2018.11.24"]
[EventType "swiss"]
[EventCountry "SRB"]
[SourceTitle "playchess.com"]
[Source "ChessBase"]
[SourceQuality "1"]

{[%evp 9,55,0,0,0,8,5,6,17,8,6,21,19,29,29,21,-9,0,0,5,-52,-42,-60,-56,-81,-73,-187,-50,-124,-81,-94,-21,-81,25,-102,247,-34,153,-36,365,0,351,-21,52,-129,0,-479,289,-414]} 1. d4 d5 2. Bf4 c5 3. e3 cxd4 4. exd4 Nc6 5. c3 Bf5 {[%cal Bc8f5,Bf5g6,Bg6f7][%mdl 32]} (5... Nf6 6. Bd3 Bg4 7. Qb3 Qc8 8. Nd2 e6 9. Ngf3 Bh5 10. O-O Be7 11. Rae1 a6 12. Qc2 Bg6 13. Ne5 Nxd4 14. Qa4+ Nc6 15. Nxg6 hxg6 16. Nf3 b5 17. Qd1 Qd7 18. a4 bxa4 19. Qxa4 {1-0 (84) Nakamura,H (2780)-Topalov,V (2749) Saint Louis 2017}) 6. Nf3 {B13: Caro-Kann: Exchange Variation and Panov-Botvinnik Attack} e6 7. Nbd2 Bd6 8. Bxd6 {The position is equal.} Qxd6 9. Nh4 Bg6 10. Be2 Nge7 $146 ({Predecessor:} 10... Nf6 11. O-O Be4 12. Nxe4 dxe4 13. Qc1 {½-½ (37) Paehtz,E (2464)-Guo,Q (2396) Riadh 2017}) 11. O-O f6 12. Re1 Bf7 13. Nb3 e5 14. dxe5 (14. Bb5 $11) 14... fxe5 $15 15. c4 Qf6 16. g3 O-O 17. Rf1 (17. Nc5 $17 {is a better defense.}) 17... Kh8 (17... dxc4 $19 18. Nd2 Rad8) 18. Rc1 (18. Nc5 $15) 18... Rad8 $17 {White must now prevent ...dxc4.} 19. Qe1 Qe6 ({Black should try} 19... e4 $17 20. cxd5 Nxd5) 20. Ng2 (20. cxd5 $11 Qxd5 21. Nf3) 20... Nd4 (20... Qh6 $17) 21. Bd1 (21. Nxd4 $11 exd4 22. Nf4) 21... a6 $2 {[%mdl 8192]} (21... dxc4 $17 {keeps the pressure on.} 22. Nxd4 Rxd4) 22. Ne3 $2 (22. Nxd4 $18 exd4 23. Qxe6 Bxe6 24. Re1) 22... Rc8 $2 (22... Rfe8 $15) 23. h4 $2 ({Not} 23. Bg4 Qxg4 $1 {[%mdl 512]} 24. Nxg4 Nf3+ 25. Kg2 Nxe1+ 26. Rfxe1 dxc4 $11) ({White should play} 23. Nxd4 $1 $16 exd4 24. Bg4 {[%mdl 64] Skewer}) 23... e4 $2 {[%mdl 8192]} (23... dxc4 $15 {keeps the upper hand.} 24. Nxd4 exd4) 24. Bg4 $2 {[#]} (24. Nxd4 $18 Qe5 25. Qc3) 24... Rcd8 $2 {[%mdl 8192]} (24... Qxg4 $1 $11 {[%mdl 512] and Black stays safe.} 25. Nxd4 (25. Nxg4 Nf3+) 25... Qd7) 25. Qa5 $2 (25. Nxd4 $18 Qe5 26. Qb4) 25... Qf6 (25... Nf3+ $11 26. Bxf3 exf3) 26. Nd2 $2 (26. Nxd4 $14 {stays ahead.} Qxd4 27. Qc7) 26... Nf3+ (26... Be6 $17 27. Bxe6 Qxe6) 27. Kg2 $2 {[%mdl 8192]} (27. Nxf3 $11 exf3 28. cxd5) 27... Ng5 $4 {[%mdl 8192]} (27... Nc6 $19 {avoids the disaster.} 28. Qc3 Qxc3 29. bxc3 Nxd2) 28. h5 $4 {[%mdl 8192] Accuracy: White = 16%, Black = 12%.} (28. hxg5 $18 {is the narrow road to win.} Qxg5 29. Rcd1) 0-1

[Event "XXXII Belgrade Trophy 2018"]
[Site "Belgrade"]
[Date "2018.11.26"]
[Round "3"]
[White "Pucarevic, Milenko"]
[Black "Atakisi, Umut"]
[Result "0-1"]
[WhiteElo "2210"]
[BlackElo "2398"]
[Annotator "TA"]
[PlyCount "47"]
[EventDate "2018.11.24"]
[EventType "swiss"]
[EventCountry "SRB"]
[SourceTitle "playchess.com"]
[Source "ChessBase"]
[SourceQuality "1"]

{[%evp 26,47,-39,-28,-26,-83,-7,-113,-93,-80,-3,-39,23,-104,20,-132,87,-18,47,-17,356,167,718,0]} 1. Nf3 d5 2. g3 Nf6 3. Bg2 c6 4. O-O Bf5 5. d3 e6 6. b3 h6 7. Bb2 Be7 8. Nbd2 O-O 9. c4 a5 10. a3 Bh7 11. Rc1 Bd6 12. Qc2 Nbd7 13. Qb1 {A12: English Opening: 1...c6 with b3 by White} Qe7 14. Qa1 {LiveBook: 4 Games} e5 15. Bh3 $146 (15. cxd5 $11 cxd5 16. Bh3) ({Predecessor:} 15. Ne1 d4 16. Ne4 Nxe4 17. dxe4 Nc5 18. Qa2 Bxe4 19. f3 Bh7 20. Rd1 h5 {0-1 (28) Cruz,F (2412)-Cruz,C (2523) Zaragoza 2010}) 15... g5 (15... d4 $17) 16. Ne1 (16. cxd5 $11 cxd5 17. d4) 16... g4 17. Bg2 {[#]} Rac8 (17... d4 $1 $17) 18. Nc2 Rfe8 (18... d4 $15) 19. Ne3 (19. cxd5 $11 {keeps the balance.} cxd5 20. Ne3) 19... Qe6 ({Black should play} 19... d4 $17 20. Nc2 Ra8) 20. Rc2 $2 (20. cxd5 $11 cxd5 21. d4) 20... e4 $2 (20... d4 $17 {stays on course.} 21. Nd1 Nc5) 21. d4 ({Better is} 21. cxd5 $16 cxd5 22. Rxc8 Rxc8 23. dxe4 Nxe4 24. Nxe4 Bxe4 25. Bxe4 dxe4 26. Rc1) 21... Nb8 (21... h5 $11) 22. Qc1 ({White should try} 22. Bc3 $14) 22... c5 $2 {[%mdl 8192] [#]} (22... h5 $11) 23. a4 (23. dxc5 $142 Bf8 24. Bxf6 Qxf6 25. cxd5) 23... Be5 $2 (23... Nbd7 24. Rd1 Bf8 25. cxd5 Nxd5 26. Nxd5 Qxd5 27. dxc5 Qc6) 24. h4 $2 {[%mdl 32768] Accuracy: White =  7%, Black =  6%. . Loss on time!?} (24. cxd5 $18 Nxd5 25. dxe5) 0-1

[Event "XXXII Belgrade Trophy 2018"]
[Site "Belgrade"]
[Date "2018.11.26"]
[Round "3"]
[White "Draskovic, Davor"]
[Black "Olcum, Ahmet"]
[Result "0-1"]
[WhiteElo "2053"]
[BlackElo "2326"]
[Annotator "TA"]
[PlyCount "27"]
[EventDate "2018.11.24"]
[EventType "swiss"]
[EventCountry "SRB"]
[SourceTitle "playchess.com"]
[Source "ChessBase"]
[SourceQuality "1"]

{[%evp 17,27,47,57,56,68,64,65,39,49,-23,-26,-20]} 1. e4 d6 2. d4 Nf6 3. Nc3 Nbd7 4. Nf3 e5 5. Bc4 Be7 6. a4 c6 7. O-O Qc7 8. Re1 h6 {C41: Philidor Defence} 9. h3 Nf8 {LiveBook: 11 Games} 10. Nh4 g6 11. Nf3 g5 12. b3 $146 ({Predecessor:} 12. dxe5 dxe5 13. Nh2 Ne6 14. Nf1 {0-1 (32) Schlosser,M (2367)-Aleksandrov,A (2659) Rethymno 2003}) 12... Ng6 13. Ba3 ({White should try} 13. a5 $14) 13... g4 $11 14. hxg4 {[%mdl 32768] Loss on time!?} 0-1

[Event "XXXII Belgrade Trophy 2018"]
[Site "Belgrade"]
[Date "2018.11.27"]
[Round "4"]
[White "Kadric, Denis"]
[Black "Jovanovic, Dejan R"]
[Result "1-0"]
[WhiteElo "2554"]
[BlackElo "2065"]
[Annotator "TA"]
[PlyCount "135"]
[EventDate "2018.11.24"]
[EventType "swiss"]
[EventCountry "SRB"]
[SourceTitle "playchess.com"]
[Source "ChessBase"]
[SourceQuality "1"]

{[%evp 21,134,54,44,31,74,70,149,146,176,176,206,176,258,261,250,267,476,464,436,233,248,250,246,232,235,210,236,237,294,299,288,297,298,285,299,291,291,291,300,298,308,293,433,422,440,427,438,447,507,510,487,464,649,611,600,599,607,607,747,724,693,688,777,764,1362,1142,2097,1735,29976,29979,29979,29980,29980,29981,29982,29983,29983,29983,29988,29979,29982,29983,29983,29984,29986,29987,29988,29989,29989,29990,29990,29990,29993,29992,29992,29993,29993,29994,29994,29994,29995,29994,29994,29994,29994,29994,29994,29995,29995,29996,29997,29998,29998,29999,29999]} 1. e4 e5 2. Nf3 Nc6 3. Nc3 Nf6 4. Bb5 d6 5. d4 exd4 6. Nxd4 Bd7 7. Bxc6 bxc6 8. Qf3 c5 9. Nf5 {C62: Ruy Lopez: Steinitz Defence} Bxf5 (9... h6 10. Bf4 Rb8 11. O-O-O g6 12. Ne3 Nh5 13. e5 Nxf4 14. Qxf4 Rb4 15. Qf3 Bg7 16. exd6 cxd6 17. Rxd6 {1-0 (45) Sutovsky,E (2700)-Guliev,S (2500) Baku 2011}) 10. exf5 Rb8 11. b3 Be7 {LiveBook: 3 Games} 12. Bb2 O-O 13. O-O-O c4 {[#]} (13... Re8 $14) 14. g4 $1 $16 cxb3 15. axb3 Nd7 16. Nd5 Bg5+ (16... a5 $142 17. h4 f6) 17. Kb1 $18 c6 $146 {[#]} 18. h4 $1 {[%mdl 512]} Bf6 $2 (18... Bc1) (18... Bxh4 19. g5) 19. Nxf6+ Nxf6 20. Qxc6 (20. h5 $142) 20... Rb6 21. Qf3 Qa8 22. Qxa8 Rxa8 23. Rd4 a5 24. Rhd1 a4 25. g5 ({But not} 25. Rxd6 $6 Rxd6 26. Rxd6 axb3 $16) ({Don't take} 25. Rxa4 $6 Rxa4 26. bxa4 Nxg4 $16) 25... Ne8 26. Rxa4 Rxa4 27. bxa4 {[%mdl 4096] Endgame KRB-KRN} f6 28. Rd3 Ra6 29. Rd4 Ra5 30. Rf4 Kf7 31. Bc3 Ra6 (31... Rc5 {keeps fighting.}) 32. Rb4 Kf8 33. Kb2 fxg5 34. hxg5 h6 35. gxh6 gxh6 36. Kb3 Ra5 37. Rb5 Ra7 38. a5 h5 39. f6 Kf7 40. Rxh5 {White threatens Rh7+ and mate.} Kg6 41. Rh3 d5 42. Re3 Rb7+ 43. Ka4 Nd6 44. Re7 Rb1 45. Rg7+ {White mates.} Kf5 46. f7 Nxf7 47. Rxf7+ {KRB-KR} Ke6 48. Rf6+ Ke7 49. Rb6 Rc1 50. Rb2 Ra1+ 51. Kb5 Kd6 52. Bd4 Kd7 53. a6 Kd6 54. a7 Kd7 55. Rb4 Rxa7 56. Bxa7 Kd6 57. Bd4 Ke6 58. Kc6 Kf5 59. Kxd5 Kf4 60. Rb8 Kf3 61. Re8 Kf4 62. c4 Kf3 63. c5 Kf4 64. c6 Kf3 65. c7 Kf4 66. c8=Q Kf3 67. Qh3+ Kf4 68. Be3# {Accuracy: White = 79%, Black = 25%.} 1-0